| 000 | 01262nam a2200253 a 4500 | ||
|---|---|---|---|
| 001 | BRL_1099 | ||
| 005 | 20190320211032.0 | ||
| 008 | 111113m19141923gw-a######---#000-0#ger-# | ||
| 041 | _ager | ||
| 044 | _agw | ||
| 050 | 4 |
_aF1219 _b.S45 1914 |
|
| 100 | 1 |
_aSeler, Eduard _d1849-1922 _95287 |
|
| 245 | 1 | 0 |
_aGesammelte abhandlungen zur Amerikanischen Sprach- und Alterthumskunde _cvon Eduard Seler. |
| 260 |
_aBerlin _bBehrend _c1914-1923 |
||
| 300 |
_av. _bil. _c28 cm. |
||
| 500 | _av.4 Au1272; v.5 Au1273; v.6 Au5 | ||
| 500 | _aLa biblioteca cuenta con los volumnes 4,5 y 6. | ||
| 505 | 0 | _aContenido: v.4 Mythus und religion der alten Mexikaner. Die buntbemalten gefabe von Nasca im südlichen Perú und die Hauptelemente ihrer Verzierung. Kleinere Aufsatze und Vortrage. Bruchstücke einer allgemeinverstandlichen Darstellung des Landes Mexiko, seiner Bevolkerung und seiner entdeckungsgeschichte. - v.5 Aus Nord-und Südamerika. Weitere Beitrage zur Alterthumskunde México´s und der Maya-Lander. - v.6 wort-und sachregister zum ersten, zweiten und dritten Bande. | |
| 650 | 1 | 4 |
_aIndígenas de México _xAntigüedades _9509 |
| 650 | 1 | 4 |
_aIndígenas de México _xLenguajes _925791 |
| 651 | 4 |
_aMéxico _xAntigüedades _92765 |
|
| 902 | _aGRL | ||
| 942 |
_2lcc _cB |
||
| 999 |
_c9911 _d9911 |
||